[Event "?"]
[Site "Berliner Sommer"]
[Date "1995.??.??"]
[Round "?"]
[White "Timoshenko, Georgy"]
[Black "Oral, Tomas"]
[Result "1-0"]
[WhiteElo "2550"]
[BlackElo "2410"]

1.e4 e5 2.Nf3 Nf6 3.Nxe5 d6 4.Nf3 Nxe4 5.d4 d5 6.Bd3 Nc6 7.O-O Be7
8.c4 Nb4 9.Be2 O-O 10.Nc3 Be6 11.Ne5 f6 12.Bg4 f5 13.Bf3 Bf6 14.a3 Nc6
15.cxd5 Nxc3 16.bxc3 Bxd5 17.Nd3 Na5 18.Bf4 c6 19.Re1 Bxf3 20.Qxf3 b6
21.Be5 Qd7 22.Re2 Nc4 23.a4 Rae8 24.Rae1 Bg5 25.Qg3 Bf6 26.h4 c5
27.Nf4 Bxe5 28.dxe5 Qxa4 29.Nh5 Re7 30.Qg5 Qd7 31.Nf6+ Rxf6 32.exf6 Rxe2
33.Rxe2 Qd1+ 34.Kh2 Qd6+ 35.Qg3 Qxg3+ 36.Kxg3 gxf6 37.Re7 a5 38.Kf4 a4
39.Kxf5 a3 40.Kxf6 h6 41.Re8+ Kh7 42.Re7+ Kg8 43.Re8+ Kh7 44.g4 1-0

[Event "?"]
[Site "Berliner Sommer"]
[Date "1995.??.??"]
[Round "?"]
[White "Ahlander, Bjorn"]
[Black "Wells, Peter K"]
[Result "1-0"]
[WhiteElo "2385"]
[BlackElo "2545"]

1.d4 Nf6 2.c4 e6 3.Nc3 Bb4 4.Qc2 O-O 5.a3 Bxc3+ 6.Qxc3 Ne4 7.Qc2 f5
8.g3 b6 9.Bg2 c5 10.Nf3 Nc6 11.dxc5 bxc5 12.O-O Rb8 13.Bf4 d6 14.Rfd1 Qf6
15.Bxd6 Rxb2 16.Qa4 Bb7 17.Rd3 Rc8 18.Qd1 Nc3 19.Qf1 Nxe2+ 20.Kh1 e5
21.Rd5 e4 22.Ne5 Nc3 23.Nxc6 Nxd5 24.Be5 Bxc6 25.Bxf6 Nxf6 26.Rb1 Rcb8
27.Rxb2 Rxb2 28.h3 Ba4 29.Qe1 h6 30.Qa5 Bd1 31.Qxc5 Kh7 32.Qxf5+ 1-0

[Event "?"]
[Site "Berliner Sommer"]
[Date "1995.??.??"]
[Round "?"]
[White "Sadiku, Bedri"]
[Black "Ivanov, Sergey"]
[Result "1-0"]
[WhiteElo "2380"]
[BlackElo "2545"]

1.d4 d5 2.c4 e6 3.Nc3 c6 4.e3 Nf6 5.a3 Nbd7 6.Nf3 Bd6 7.Bd3 O-O 8.O-O Qe7
9.e4 dxc4 10.Bxc4 e5 11.Re1 exd4 12.Nxd4 Ne5 13.Be2 Rd8 14.Qc2 Neg4
15.Bxg4 Bxh2+ 16.Kxh2 Nxg4+ 17.Kg1 Rxd4 18.Bf4 Be6 19.Rad1 Rad8
20.Rxd4 Rxd4 21.f3 Qc5 22.Kh1 Qh5+ 23.Kg1 Qc5 24.Kh1 Ne5 25.Be3 Qe7
26.Kg1 Rd7 27.Ne2 b6 28.Bd4 Nxf3+ 29.gxf3 Qg5+ 30.Kf2 Qh4+ 31.Ke3 Qxe1
32.Qxc6 h6 33.Qa8+ Kh7 34.Bc3 Bc4 35.Bxe1 1-0

[Event "?"]
[Site "Berliner Sommer"]
[Date "1995.??.??"]
[Round "?"]
[White "Ebert, Wolfgang"]
[Black "Poluljahov, Aleksandr"]
[Result "0-1"]
[WhiteElo "2270"]
[BlackElo "2460"]

1.e4 c5 2.Nf3 Nc6 3.d4 cxd4 4.Nxd4 Qc7 5.Nc3 e6 6.Be2 a6 7.O-O Nf6
8.Be3 Be7 9.f4 d6 10.Qe1 O-O 11.Qg3 Nxd4 12.Bxd4 b5 13.a3 Bb7 14.Kh1 Rad8
15.Bd3 Ne8 16.Rae1 Bf6 17.Bxf6 Nxf6 18.Qh4 h6 19.Rf3 d5 20.e5 Ne4
21.Bxe4 dxe4 22.Rg3 Kh8 23.Qg4 f5 24.exf6 Rxf6 25.h3 Qf7 26.Rge3 Rxf4
27.Qg3 Rf2 28.Nxe4 Rxc2 29.Qe5 Qf5 30.Qg3 Rxb2 31.Qc7 Qd5 32.Rg3 Qd7
33.Qc3 Qd4 34.Qc7 Rd7 35.Qb8+ Kh7 36.Qf4 Bxe4 37.Rg4 Bxg2+ 0-1

[Event "?"]
[Site "Berliner Sommer"]
[Date "1995.??.??"]
[Round "?"]
[White "Siebrecht, Sebastian"]
[Black "Neverov Valery"]
[Result "0-1"]
[WhiteElo "2325"]
[BlackElo "2485"]

1.g3 d5 2.Bg2 Nf6 3.c4 c6 4.cxd5 cxd5 5.Nf3 Nc6 6.O-O Bg4 7.d4 e6
8.Nc3 Bd6 9.a3 O-O 10.b4 Rc8 11.Bb2 Nd7 12.Na4 Nb6 13.Nc5 Qe7 14.Nd2 a5
15.f3 Bh5 16.Qb3 e5 17.e3 axb4 18.axb4 exd4 19.exd4 Rfe8 20.Bh3 Rc7
21.Rae1 Qxe1 22.Rxe1 Rxe1+ 23.Kf2 Re8 24.Nd7 Nc4 25.Nxc4 dxc4 26.Qxc4 Ne5
27.Qb5 Nxd7 28.Bxd7 Rc2+ 29.Kf1 Ra8 30.Qxb7 Ra2 31.Ba4 Rcxb2 32.Bd1 Rxh2
33.Kg1 h6 34.Bb3 Rag2+ 35.Kf1 Rf2+ 36.Kg1 Rfg2+ 37.Kf1 Bxg3 38.f4 Be2# 0-1

[Event "?"]
[Site "Berliner Sommer"]
[Date "1995.??.??"]
[Round "?"]
[White "Pribyl, Josef"]
[Black "Kruppa, Yuri"]
[Result "1/2-1/2"]
[WhiteElo "2405"]
[BlackElo "2570"]

1.d4 d5 2.c4 e6 3.Nc3 Be7 4.Nf3 Nf6 5.Bg5 O-O 6.e3 h6 7.Bxf6 Bxf6 8.Rc1 c6
9.Bd3 Nd7 10.O-O dxc4 11.Bxc4 c5 12.Ne4 cxd4 13.Nxf6+ Nxf6 14.Qxd4 Qxd4
15.Nxd4 Bd7 16.f3 Rfd8 17.Rfd1 Ba4 18.Bb3 Bxb3 19.Nxb3 Rxd1+ 20.Rxd1 Rc8
21.e4 1/2-1/2

[Event "?"]
[Site "Berliner Sommer"]
[Date "1995.??.??"]
[Round "?"]
[White "Senk, Christian"]
[Black "Eckardt, Bernd"]
[Result "1-0"]
[WhiteElo "1990"]
[BlackElo "1680"]

1.e4 e5 2.Nc3 Nf6 3.g3 Nc6 4.Bg2 d6 5.h3 Be7 6.Nge2 O-O 7.O-O Re8
8.f4 exf4 9.gxf4 h6 10.d4 Bd7 11.d5 Nb8 12.e5 dxe5 13.fxe5 Bc5+
14.Kh2 Rxe5 15.Ng3 Re8 16.Qf3 Bd6 17.Kh1 c6 18.Nh5 Nxh5 19.Qxf7+ Kh8
20.Qxh5 Re5 21.Qg6 Be8 22.Qd3 Na6 23.Bf4 Rh5 24.dxc6 Bxf4 25.cxb7 Qxd3
26.cxd3 Rd8 27.Rxf4 Bg6 28.Ra4 Bxd3 29.Rd1 Nc5 30.Rxa7 Nxb7 31.Rxb7 1-0

[Event "?"]
[Site "Berliner Sommer"]
[Date "1995.??.??"]
[Round "?"]
[White "Mira, Helene"]
[Black "Kovalev, Andrej"]
[Result "1-0"]
[WhiteElo "2070"]
[BlackElo "2505"]

1.d4 Nf6 2.c4 g6 3.Nc3 Bg7 4.e4 O-O 5.Be2 d6 6.Bg5 Na6 7.f4 c6 8.Nf3 Nc7
9.O-O Ne6 10.f5 Nxg5 11.Nxg5 Qb6 12.Na4 Qa5 13.c5 h6 14.cxd6 hxg5
15.dxe7 Re8 16.e5 Nd5 17.f6 Ne3 18.Qb3 Nxf1 19.Rxf1 Be6 20.Qd1 b6
21.a3 Qd5 22.Nc3 Qd7 23.Ne4 c5 24.Nd6 cxd4 25.Bb5 Qc7 26.Bxe8 Bxf6
27.Rxf6 Qxe7 28.Bc6 Rd8 29.Qxd4 Qc7 30.Qc3 b5 31.h3 g4 32.hxg4 Qb6+
33.Rf2 a6 34.g5 Kh7 35.b4 Bc4 36.Qh3+ Kg7 37.Qf3 Be6 38.Qf6+ Kh7
39.Nxf7 Qe3 40.Nxd8 1-0

[Event "?"]
[Site "Berliner Sommer"]
[Date "1995.??.??"]
[Round "?"]
[White "Velikhanli, Firuza"]
[Black "Soffer, Ram"]
[Result "1/2-1/2"]
[WhiteElo "2355"]
[BlackElo "2530"]

1.e4 c5 2.Nf3 Nc6 3.d4 cxd4 4.Nxd4 Qc7 5.Nc3 e6 6.Be2 a6 7.O-O Nf6
8.Kh1 Be7 9.f4 d6 10.a4 O-O 11.Be3 Re8 12.Qe1 e5 13.Nxc6 bxc6
14.fxe5 dxe5 15.Bc4 Bd8 16.a5 Be6 17.Bxe6 Rxe6 18.Na4 Qb8 19.Bb6 Be7
20.Rd1 Qb7 21.Qe2 Rc8 22.Qc4 h6 23.Rd3 c5 24.Nc3 Ne8 25.Nd5 Bf8
26.Rdf3 Nd6 27.Qe2 c4 28.Rg3 Kh8 29.Rgf3 Rg6 30.h3 Kg8 1/2-1/2

[Event "?"]
[Site "Berliner Sommer"]
[Date "1995.??.??"]
[Round "?"]
[White "Boesch, David"]
[Black "Tiemer, Klaus"]
[Result "0-1"]
[WhiteElo "1685"]
[BlackElo "2060"]

1.c4 Nf6 2.Nc3 g6 3.g3 Bg7 4.Bg2 O-O 5.e4 e5 6.Nge2 Nc6 7.O-O Re8 8.d3 d6
9.f4 Nd4 10.Nxd4 exd4 11.Ne2 c5 12.h3 Bd7 13.g4 Bc6 14.Ng3 Nd7 15.g5 f6
16.h4 Rf8 17.Qg4 Qe7 18.Bd2 Rae8 19.a3 b5 20.b3 bxc4 21.bxc4 f5
22.exf5 Bxg2 23.Rae1 Qf7 24.Rxe8 Rxe8 25.Kxg2 d5 26.f6 Bf8 27.cxd5 Qxd5+
28.Ne4 c4 29.Kh3 cxd3 30.Re1 Rxe4 31.Rxe4 Qxe4 32.Qxd7 Qf3+ 33.Kh2 Qf2+
34.Kh3 Qf3+ 35.Kh2 Qe2+ 36.Kh3 Qxd2 37.Qe6+ Kh8 38.Qf7 Qe3+ 39.Kg2 Qe2+
40.Kh3 Qf3+ 41.Kh2 Qxf4+ 42.Kg2 Qd6 43.h5 d2 44.hxg6 hxg6 45.Qb3 Qxa3 0-1

[Event "?"]
[Site "Berliner Sommer"]
[Date "1995.??.??"]
[Round "?"]
[White "Korotylev, Alexey"]
[Black "Schastock Erwin"]
[Result "0-1"]
[WhiteElo "2450"]
[BlackElo "1735"]

1.e4 c5 2.b4 e6 3.bxc5 Bxc5 4.d4 Bb6 5.c3 d5 6.e5 Nc6 7.Bd3 f6 8.Qh5+ Kd7
9.Nf3 Kc7 10.O-O Bd7 11.a4 Qe8 12.Qg4 g6 13.exf6 e5 14.dxe5 Bxg4
15.Bf4 Be6 16.Nbd2 h6 17.Rfc1 g5 18.Bg3 Rc8 19.c4 d4 20.c5 Ba5 21.Ne4 Qd7
22.Rab1 Bb4 23.Nd6 a5 24.Bb5 Qh7 25.Bc4 Bxc4 26.Nxc4 Kd7 27.Nb6+ Ke6
28.Nxc8 Nxf6 29.Nd6 Ne4 30.Nb5 Rd8 31.Nd6 Nc3 32.Rb2 d3 33.Rxc3 Bxc3
34.Rxb7 d2 35.Nxd2 Rd7 36.Rxd7 Qxd7 37.N2c4 Nxe5 38.h4 Nxc4 39.Nxc4 Qxa4
40.Ne3 gxh4 41.Bd6 Be5 0-1

[Event "?"]
[Site "Berliner Sommer"]
[Date "1995.??.??"]
[Round "?"]
[White "Chernyshov, Konstantin"]
[Black "Dranov, Aleksandar"]
[Result "1/2-1/2"]
[WhiteElo "2505"]
[BlackElo "2360"]

1.e4 c5 2.Nf3 d6 3.d4 cxd4 4.Nxd4 Nf6 5.f3 e6 6.c4 Be7 7.Nc3 b6 8.Be2 Bb7
9.O-O O-O 10.Be3 a6 11.Rc1 Nbd7 12.Rf2 Rc8 13.Bf1 Qc7 14.b4 Qb8 15.b5 a5
16.Na4 Bd8 17.Nb3 Bc7 18.Rd2 d5 19.exd5 Bxh2+ 20.Kh1 exd5 21.c5 Rfe8
22.Bf2 bxc5 23.Naxc5 Bf4 24.Nxd7 Nxd7 25.Rxc8 Rxc8 26.Rd4 Qd6
27.Rxf4 Qxf4 28.Nxa5 Ba8 29.Kg1 Qb4 30.Nb3 Ne5 31.Qd4 Nc4 32.Qg4 Re8
33.b6 Qd6 34.Bd4 f6 35.Bc5 Qe6 36.Qxe6+ Rxe6 37.a4 Rxb6 38.Bxb6 Nxb6
39.a5 Nc4 40.a6 Kf7 41.Nd4 g6 42.Kf2 1/2-1/2

[Event "?"]
[Site "Berliner Sommer"]
[Date "1995.??.??"]
[Round "?"]
[White "Stieg Hans Juergen"]
[Black "Reichenbach, Werner"]
[Result "0-1"]
[WhiteElo "2015"]
[BlackElo "2265"]

1.e4 g6 2.d4 Bg7 3.c3 d6 4.Be3 Nf6 5.Nd2 O-O 6.Be2 e5 7.dxe5 dxe5
8.Qc2 Qe7 9.h3 b6 10.Ngf3 Nh5 11.O-O-O Bb7 12.Ne1 Nf4 13.Bf3 Nd7
14.Bxf4 exf4 15.Nd3 Ne5 16.Nxe5 Bxe5 17.Rhe1 b5 18.Be2 Qc5 19.Nf3 Bg7
20.Rd2 a5 21.Bf1 Rab8 22.Nd4 b4 23.Nb3 Qa7 24.cxb4 axb4 25.Bc4 f3
26.Rd7 Bc8 27.Rd5 fxg2 28.Ra5 Qb6 29.Rb5 Bh6+ 30.Kb1 Qxb5 31.Bxb5 Rxb5
32.Nd4 Rh5 33.f3 Be3 34.Ne2 Rc5 35.Qd3 Bf2 36.Rd1 Be6 37.b3 Ra5
38.Nc1 Rfa8 39.Qc2 Be3 40.Qb2 c5 41.Re1 Bd4 42.Qc2 c4 43.bxc4 b3
44.Qxb3 Ra3 0-1

[Event "?"]
[Site "Berliner Sommer"]
[Date "1995.??.??"]
[Round "?"]
[White "Danner, Georg"]
[Black "Dvoirys, Semen I"]
[Result "1/2-1/2"]
[WhiteElo "2415"]
[BlackElo "2580"]

1.d4 Nf6 2.c4 e6 3.Nf3 b6 4.e3 Bb7 5.Bd3 d5 6.b3 c5 7.O-O Be7 8.Nc3 O-O
9.Bb2 cxd4 10.exd4 dxc4 11.bxc4 Nc6 12.Rc1 Rc8 13.a3 Na5 14.Ne5 Nd7
15.Qe2 g6 16.Nxd7 Qxd7 17.d5 Nb3 18.Rcd1 Nc5 19.Rfe1 Bf6 20.Ne4 Bxb2
21.Qxb2 Nxe4 22.Bxe4 exd5 23.Bxd5 Rfd8 24.Re5 Re8 25.Kf1 Qg4 26.f3 Qf4
27.Bxb7 Rxe5 28.Re1 Rxe1+ 29.Kxe1 1/2-1/2

[Event "?"]
[Site "Berliner Sommer"]
[Date "1995.??.??"]
[Round "?"]
[White "Gietl, Thomas"]
[Black "Rogozenko, Dorin"]
[Result "0-1"]
[WhiteElo "2220"]
[BlackElo "2440"]

1.e4 c5 2.Nf3 e6 3.Be2 Nc6 4.d4 cxd4 5.Nxd4 Nf6 6.Nc3 Bb4 7.Nxc6 bxc6
8.e5 Nd5 9.Bd2 Qc7 10.Nxd5 Bxd2+ 11.Qxd2 cxd5 12.f4 Rb8 13.b4 d6
14.O-O dxe5 15.fxe5 Qxe5 16.Rae1 O-O 17.c3 Qd6 18.Bd3 e5 19.Kh1 f5
20.c4 e4 21.c5 Qe5 22.Bc2 Ba6 23.Rf2 d4 24.Qg5 Qf6 25.Qh5 g6 26.Bb3+ Kh8
27.Qh6 Qg7 28.Qf4 e3 29.Rc2 d3 30.Qxe3 dxc2 0-1

[Event "?"]
[Site "Berliner Sommer"]
[Date "1995.??.??"]
[Round "?"]
[White "Mayr, Klaus Dr."]
[Black "Manor, Ilan"]
[Result "1-0"]
[WhiteElo "2325"]
[BlackElo "2480"]

1.e4 c5 2.Nf3 e6 3.d4 cxd4 4.Nxd4 Nf6 5.Nc3 Nc6 6.Ndb5 d6 7.Bf4 e5
8.Bg5 a6 9.Bxf6 gxf6 10.Na3 f5 11.exf5 Bxf5 12.Bd3 Be6 13.Bc4 Bg7
14.Bxe6 fxe6 15.Qh5+ Kd7 16.Rd1 Kc7 17.Ne4 d5 18.c4 Nd4 19.cxd5 exd5
20.Nc3 Qd7 21.O-O Rad8 22.Rc1 Kb8 23.Nc2 Ne6 24.g3 d4 25.Rfd1 Qc6
26.Nb1 Rc8 27.Nxd4 Qxc1 28.Nxe6 Qh6 29.Nxg7 Qxg7 30.Nc3 Rhd8 31.Rxd8 Rxd8
32.Qe2 Qc7 33.Qe3 Qd6 34.h4 Qd4 35.Qh6 Rd7 36.Qf6 Ka7 37.Qe6 Rd6
38.Qe7 h6 39.Kg2 Rb6 40.Qa3 e4 41.Qa4 Rb4 42.Qc2 Qd3 43.Qxd3 exd3
44.b3 Rb6 45.Kf3 Re6 46.g4 d2 47.g5 hxg5 48.hxg5 Re1 49.g6 Rc1 1-0

[Event "?"]
[Site "Berliner Sommer"]
[Date "1995.??.??"]
[Round "?"]
[White "Proehl, Holger"]
[Black "Gleizerov, Evgeny"]
[Result "0-1"]
[WhiteElo "2390"]
[BlackElo "2540"]

1.e4 e6 2.d4 d5 3.Nd2 Nf6 4.e5 Nfd7 5.Bd3 c5 6.c3 Nc6 7.Ne2 cxd4 8.cxd4 f6
9.exf6 Qxf6 10.Nf3 h6 11.a3 Bd6 12.Bc2 O-O 13.Qd3 Rd8 14.h4 Nf8 15.g4 e5
16.g5 hxg5 17.Bxg5 e4 18.Bxf6 exd3 19.Bxd8 dxe2 20.Bg5 Bg4 21.Ng1 Nxd4
22.Bd3 Nfe6 23.Be3 Nf4 24.Bxd4 Nxd3+ 25.Kd2 e1=Q+ 26.Rxe1 Nxe1
27.Kxe1 Rc8 28.f3 Bxf3 29.Rh3 Bg4 30.Rd3 Rc1+ 31.Kf2 Rc2+ 32.Kf1 a6
33.b4 Bf5 34.Re3 Rc4 35.Ne2 Bg4 36.Rd3 Be7 37.Nc3 Bf5 38.Rd2 Be6
39.Be5 Rxh4 40.Nxd5 Bxd5 41.Rxd5 Rh5 42.Ra5 Rf5+ 43.Kg2 b6 44.Rxa6 Rxe5
45.Rxb6 Re2+ 46.Kf3 Ra2 47.Ke4 Rxa3 48.Kd5 Kf7 49.b5 Rc3 50.Rb7 g5
51.b6 Rc5+ 52.Kd4 Rb5 53.Kc4 Rb4+ 54.Kd5 g4 55.Kc6 g3 56.Ra7 g2
57.Ra1 Bf6 58.Rg1 Rxb6+ 0-1

[Event "?"]
[Site "Berliner Sommer"]
[Date "1995.??.??"]
[Round "?"]
[White "Zorman, Vojko"]
[Black "Bagirov, Vladimir"]
[Result "1/2-1/2"]
[WhiteElo "2360"]
[BlackElo "2530"]

1.e4 Nf6 2.e5 Nd5 3.Bc4 Nb6 4.Bb3 d5 5.d4 Bf5 6.Ne2 e6 7.Ng3 Bg6 8.h4 h6
9.h5 Bh7 10.c3 c5 11.O-O Nc6 12.Qg4 c4 13.Bd1 Qd7 14.b3 O-O-O 15.Nd2 f6
16.f4 Bd3 17.Be2 f5 18.Qh3 Bxe2 19.Nxe2 g5 20.hxg6 Rg8 21.Qh5 Qe8
22.Rf3 Qxg6 23.Qxg6 Rxg6 24.Rg3 Rxg3 25.Nxg3 a5 26.Ngf1 cxb3 27.axb3 Kc7
28.Ne3 Nc8 29.Kf2 b5 30.Nf3 Nb6 31.Ba3 Bxa3 32.Rxa3 a4 33.g4 fxg4
34.Nxg4 Rf8 35.Nf6 Ne7 36.Nh4 Kc6 37.Kg3 Ra8 38.f5 exf5 39.Kf4 axb3
40.Rxb3 Ra1 41.Ng2 Rf1+ 42.Ke3 Nc4+ 43.Ke2 Ra1 44.Nf4 Ra2+ 45.Ke1 Nd2
46.Rb4 Ne4 47.Rb3 Nd2 48.Rb4 Ne4 1/2-1/2

[Event "?"]
[Site "Berliner Sommer"]
[Date "1995.??.??"]
[Round "?"]
[White "Loginov, Valery A"]
[Black "Von Herman, Ulf"]
[Result "0-1"]
[WhiteElo "2525"]
[BlackElo "2380"]

1.Nf3 Nf6 2.g3 e6 3.Bg2 d5 4.O-O Be7 5.d3 O-O 6.Nbd2 Nc6 7.e4 dxe4
8.dxe4 b6 9.e5 Nd7 10.Qe2 Nc5 11.Rd1 Ba6 12.c4 Qd3 13.Qxd3 Nxd3
14.Ne1 Ndxe5 15.b3 Bb7 16.Bb2 Bf6 17.Kf1 Ng4 18.Bxf6 Nxf6 19.Ne4 Nxe4
20.Bxe4 Rfd8 21.c5 Rxd1 22.Rxd1 Rd8 23.Rc1 b5 24.Nc2 Kf8 25.h4 f5
26.Bf3 e5 27.Ne3 g6 28.h5 e4 29.Be2 Nd4 30.hxg6 hxg6 31.Nc2 Nxe2
32.Kxe2 a5 33.c6 Ba6 34.b4 Rd6 35.bxa5 Rxc6 36.Kd2 Rd6+ 37.Ke1 Rc6
38.Kd2 Rc4 39.a3 c5 40.Rh1 Kg7 41.Kc1 e3 42.fxe3 Bb7 43.Rh2 Be4
44.Kb2 Ra4 45.Na1 c4 46.Nc2 Bxc2 47.Rxc2 Rxa5 48.Rd2 c3+ 49.Kxc3 Rxa3+
50.Kd4 Ra4+ 51.Kd3 Rg4 52.Rb2 b4 53.Ke2 Kf6 54.Rc2 Ke5 55.Rc5+ Kd6
56.Rb5 Kc6 57.Rb8 Kc5 58.Kf3 Kc4 59.Rc8+ Kd3 60.Rc6 b3 61.Rd6+ Kc3 0-1

[Event "?"]
[Site "Berliner Sommer"]
[Date "1995.??.??"]
[Round "?"]
[White "Bachmann, Andreas"]
[Black "Brynell, Stellan"]
[Result "1-0"]
[WhiteElo "2265"]
[BlackElo "2460"]

1.d4 e6 2.Nf3 Nf6 3.g3 c5 4.c4 cxd4 5.Nxd4 d5 6.Bg2 e5 7.Nf3 d4 8.O-O Nc6
9.e3 Bc5 10.exd4 exd4 11.Re1+ Be6 12.Ng5 O-O 13.Nxe6 fxe6 14.Nd2 Qb6
15.Ne4 Rae8 16.Qb3 Nxe4 17.Qxb6 Bxb6 18.Bxe4 d3 19.Be3 d2 20.Re2 Rd8
21.Rd1 Ba5 22.Bxc6 bxc6 23.Bc5 Rf5 24.b4 Rxc5 25.bxc5 Kf7 26.Re4 Bb4
27.Kf1 Bxc5 28.Ke2 Bb4 29.c5 a5 30.a3 Bxa3 31.Rxd2 Rd5 32.Rxd5 exd5
33.Ra4 Bb4 34.f4 Ke6 35.Kd3 Bxc5 36.Rxa5 Bg1 37.Ra2 c5 38.Rg2 Bd4
39.g4 g6 40.Re2+ Kf7 41.Ra2 h5 42.Ra7+ Kf6 43.Ra6+ Kg7 44.gxh5 gxh5
45.Rd6 Bg1 46.Rxd5 Bxh2 47.Ke4 h4 48.Rxc5 Bg3 49.Kf3 Kf6 50.Kg4 Be1
51.Rc6+ Ke7 52.Kg5 h3 53.Rc7+ Kf8 54.Ra7 Bf2 55.Rh7 Kg8 56.Kg6 1-0

[Event "?"]
[Site "Berliner Sommer"]
[Date "1995.??.??"]
[Round "?"]
[White "Zierke, Oliver"]
[Black "Kacheishvili, Giorgi"]
[Result "0-1"]
[WhiteElo "2250"]
[BlackElo "2450"]

1.d4 Nf6 2.Nf3 d5 3.c4 e6 4.Nc3 Bb4 5.g3 dxc4 6.Bg2 O-O 7.O-O Nc6 8.a3 Be7
9.e3 Na5 10.Ne5 Nd7 11.f4 c5 12.Kh1 Rb8 13.Ne4 b5 14.Nxd7 Qxd7
15.Nxc5 Bxc5 16.dxc5 Nb3 17.Rb1 Nxc5 18.Qxd7 Bxd7 19.Bd2 Rfc8 20.Bc3 Bc6
21.Bxc6 Rxc6 22.Rbd1 Nd3 23.g4 Rd8 24.Kg2 Rcd6 25.Kg3 f6 26.Rb1 a6
27.Kf3 Nc5 28.Bb4 Rd5 29.Bxc5 Rxc5 30.Rfd1 Rcd5 31.Rxd5 exd5 32.b3 Kf7
33.bxc4 dxc4 34.a4 Rd5 35.axb5 axb5 36.e4 Rd3+ 37.Ke2 Rb3 38.Ra1 Rb2+
39.Ke3 c3 40.Ra7+ Kf8 41.Kd4 b4 42.Kd5 Rd2+ 43.Ke6 Rd8 0-1

[Event "?"]
[Site "Berliner Sommer"]
[Date "1995.??.??"]
[Round "?"]
[White "Huss, Rolf"]
[Black "Rogic, Davor"]
[Result "0-1"]
[WhiteElo "2215"]
[BlackElo "2435"]

1.d4 Nf6 2.c4 g6 3.Nc3 Bg7 4.g3 O-O 5.Bg2 c5 6.Nf3 d6 7.O-O Nc6 8.d5 Na5
9.Nd2 e5 10.b3 Ng4 11.Bb2 f5 12.a3 b6 13.b4 Nb7 14.Qc2 e4 15.Nd1 Ne5
16.f3 exf3 17.Nxf3 Bd7 18.Nxe5 dxe5 19.e4 Rc8 20.b5 Nd6 21.Nf2 Qg5
22.Rae1 Rce8 23.Kh1 h5 24.Bh3 Bc8 25.Qe2 Rf7 26.Bc1 Qe7 27.exf5 gxf5
28.Qxh5 Nxc4 29.Nd3 Ref8 30.Nf4 Qd6 31.Ng6 Re8 32.Bh6 Bxh6 33.Qxh6 Rh7
34.Qg5 Rg7 35.Qc1 Qxd5+ 36.Bg2 Qf7 37.Nh4 Be6 38.a4 Qf6 39.Nxf5 Rh7
40.Ne3 Qh6 41.Ng4 Bxg4 42.Qxc4+ Be6 43.Qh4 Qxh4 44.gxh4 Bc4 45.Rg1 Kh8
46.Bc6 Ree7 47.Rg5 Rxh4 48.Rexe5 Rxe5 49.Rxe5 Bd3 50.a5 c4 51.Re8+ Kg7
52.Re7+ Kf6 53.Rxa7 c3 54.axb6 c2 55.Ra1 Rb4 56.b7 Rb1+ 57.Kg2 c1=Q
58.b8=Q (58. Rxb1 Qg5+ 59.Kf3!!) 58...Bf1+ 59.Kf3 Qc3+ 60.Kf2 Qd2+
61.Kg3 Rb3+ 62.Bf3 Qg2+ 0-1

[Event "?"]
[Site "Berliner Sommer"]
[Date "1995.??.??"]
[Round "?"]
[White "Kiselev, Sergey"]
[Black "Impris, Oleg"]
[Result "1-0"]
[WhiteElo "2505"]
[BlackElo "2375"]

1.d4 g6 2.c4 Bg7 3.Nc3 c5 4.d5 d6 5.e4 Nf6 6.Bd3 O-O 7.h3 a6 8.a4 e5
9.Nge2 Ne8 10.g4 Nd7 11.Be3 h6 12.Qd2 Kh7 13.a5 Rb8 14.Ng3 b6
15.axb6 Rxb6 16.Ra3 Rh8 17.h4 Ndf6 18.f3 Kg8 19.h5 g5 20.O-O Nd7
21.Rb1 Bf6 22.Na2 Rb8 23.b4 Qc7 24.Kg2 Ng7 25.Ne2 Be7 26.Nec3 Nf6
27.Be2 Kh7 28.Rab3 Ngxh5 29.gxh5 g4 30.f4 exf4 31.Bxf4 Qd7 32.Rh1 Rg8
33.e5 Ne8 34.Bd3+ Kh8 35.e6 fxe6 36.Be5+ Rg7 37.Qxh6+ Kg8 38.Bxg7 Nxg7
39.Qh7+ Kf8 40.Qh8+ 1-0

[Event "?"]
[Site "Berliner Sommer"]
[Date "1995.??.??"]
[Round "?"]
[White "Meier, Volker"]
[Black "Nikolenko, Oleg"]
[Result "0-1"]
[WhiteElo "2320"]
[BlackElo "2475"]

1.e4 e6 2.d4 d5 3.Nd2 c5 4.exd5 exd5 5.Ngf3 Nf6 6.Bb5+ Bd7 7.Bxd7+ Nbxd7
8.O-O Be7 9.dxc5 Nxc5 10.Ne5 O-O 11.Ndf3 Bd6 12.Bf4 Re8 13.Re1 Qc7
14.g3 Rac8 15.c3 h6 16.h4 a6 17.Kg2 Re7 18.Qd4 Rce8 19.Rad1 Ne6
20.Qd2 Nxf4+ 21.gxf4 Qc8 22.Rg1 Nh5 23.Kh1 Qh3+ 24.Nh2 Bxe5 25.fxe5 Rxe5
26.Rg4 Nf6 27.Rg3 Qxh4 28.Rdg1 g6 29.R3g2 Re2 30.Qd3 Qe4 31.Qh3 Rxf2
32.Qxh6 Re5 33.Qh3 Rg5 34.Nf3 Rxf3 0-1

[Event "?"]
[Site "Berliner Sommer"]
[Date "1995.??.??"]
[Round "?"]
[White "Berzinsh, Roland"]
[Black "Hein, Erwin"]
[Result "1-0"]
[WhiteElo "2435"]
[BlackElo "1980"]

1.e4 c5 2.Nf3 Nc6 3.d4 cxd4 4.Nxd4 g6 5.Nc3 Bg7 6.Be3 Nf6 7.Bc4 Qa5
8.O-O O-O 9.Bb3 d6 10.h3 Nxd4 11.Bxd4 Be6 12.Nd5 Bxd5 13.exd5 Rfc8
14.c3 b5 15.Re1 Rc7 16.a3 Rb8 17.Qf3 Qa6 18.Re3 Nh5 19.Rd1 Qc8 20.Bc2 a5
21.b4 axb4 22.axb4 Bxd4 23.Rxd4 Qa6 24.Rh4 Nf6 25.Rd4 Rbc8 26.Kh2 Qa1
27.Qd1 Qxd1 28.Bxd1 Kf8 29.Be2 Rb8 30.f4 Ra7 31.Rd2 Ra3 32.Kg1 Ne8
33.Kf2 Nc7 34.Bf3 Rb7 35.Rde2 Na8 36.Rd2 Nc7 37.Rc2 Ne8 38.c4 Rxe3
39.Kxe3 bxc4 40.Rxc4 Nf6 41.Kd4 Ke8 42.g4 Kd8 43.g5 Nd7 44.Bg4 Rc7
45.Rxc7 Kxc7 46.h4 f5 47.Be2 Kb6 48.h5 Nf8 49.h6 Nd7 50.Bd3 Nf8
51.Bc2 Kb5 52.Kc3 Nd7 53.Kb3 Nf8 54.Bd3+ Kb6 55.Ka4 e6 56.dxe6 Nxe6
57.Bc4 Nxf4 58.Bg8 Nh3 59.Bxh7 Nxg5 60.Bxg6 f4 61.h7 Nxh7 62.Bxh7 d5
63.Bd3 f3 64.Kb3 Kc6 65.Kc3 Kd6 66.Kd4 1-0

[Event "?"]
[Site "Berliner Sommer"]
[Date "1995.??.??"]
[Round "?"]
[White "Handke, Florian"]
[Black "Lindemann, Christian"]
[Result "0-1"]
[WhiteElo "1890"]
[BlackElo "2125"]

1.e4 e5 2.Nf3 Nc6 3.d4 exd4 4.Nxd4 Nf6 5.Nxc6 bxc6 6.e5 Qe7 7.Qe2 Nd5
8.c4 Ba6 9.b3 g6 10.g3 Bg7 11.Bb2 O-O 12.Bg2 Rae8 13.O-O f6 14.Ba3 Nb4
15.Qd2 c5 16.Bxb4 cxb4 17.Qd5+ Kh8 18.Nd2 Qxe5 19.Qxd7 Rd8 20.Qa4 Rxd2
21.Qxa6 Qd4 22.a3 Rxf2 23.Rxf2 Qxa1+ 24.Rf1 Qxa3 25.Qxa3 bxa3 26.Ra1 Rb8
27.Rxa3 Bf8 28.Ra6 Rxb3 29.Rc6 Bd6 30.c5 Be5 31.Kf1 Ra3 32.Ke2 Kg7
33.Bd5 Kh6 34.Bg8 Kg5 35.Bxh7 Ra2+ 36.Kf3 Rxh2 37.Bg8 Rh3 38.Ra6 Rxg3+
39.Ke4 Rg4+ 40.Kf3 Rf4+ 41.Kg2 Kg4 42.Rxa7 Rb4 43.c6 Rb2+ 44.Kf1 Rb4
45.Ra5 Kf4 46.Be6 g5 47.Kg2 g4 48.Ra8 Rb2+ 49.Kf1 Bd6 50.Rd8 Rc2
51.Bd5 f5 52.Rb8 Ke5 53.Bg2 f4 54.Re8+ Kd4 55.Be4 Rc3 56.Bf5 g3 57.Bg4 f3
58.Re1 Rc2 59.Rd1+ Ke3 60.Rb1 Kf4 0-1

[Event "?"]
[Site "Berliner Sommer"]
[Date "1995.??.??"]
[Round "?"]
[White "Heinrich, Stefanie"]
[Black "Boesch, David"]
[Result "1/2-1/2"]
[WhiteElo "1475"]
[BlackElo "1686"]

1.c4 Nf6 2.Nc3 d5 3.d4 g6 4.Bf4 Bg7 5.e3 c5 6.dxc5 Qa5 7.Qa4+ Qxa4
8.Nxa4 Ne4 9.f3 Bd7 10.fxe4 Bxa4 11.exd5 Bxb2 12.Rb1 Bc3+ 13.Kf2 Nd7
14.Rxb7 Nxc5 15.Rb8+ Rxb8 16.Bxb8 Ne4+ 17.Kf3 Nd2+ 18.Kf2 Kd7 19.Bxa7 Ra8
20.Bd4 Bxd4 21.exd4 Nxf1 22.Kxf1 Bc2 23.Nf3 Rxa2 24.Kf2 Bb3+ 25.Kg3 Rc2
26.Ne5+ Kc7 27.Nxf7 Bxc4 28.Re1 Kd7 29.Ne5+ Kd6 30.Nxc4+ Rxc4 1/2-1/2

[Event "?"]
[Site "Berliner Sommer"]
[Date "1995.??.??"]
[Round "?"]
[White "Weschke, Wolfgang"]
[Black "Dissertori, Martin"]
[Result "0-1"]
[WhiteElo "1780"]
[BlackElo "1055"]

1.d4 Nf6 2.c4 g6 3.Nc3 Bg7 4.e4 d6 5.h3 O-O 6.Be3 e5 7.dxe5 dxe5 8.Qc2 Nc6
9.a3 b6 10.Nf3 Bb7 11.Rd1 Qe7 12.Be2 Rad8 13.O-O Rd7 14.Rxd7 Qxd7
15.Rd1 Qe7 16.Bg5 h6 17.Nd5 Qe6 18.Bxf6 Bxf6 19.Nxc7 Qe7 20.Nd5 Qe6
21.Nxf6+ Qxf6 22.Qd2 Kg7 23.Nh2 Rd8 24.Qc3 Rxd1+ 25.Bxd1 Qd8 26.Be2 Nd4
27.Kf1 Qh4 28.Bd3 Qh5 29.b4 Qd1+ 30.Qe1 Qxd3+ 31.Kg1 Bxe4 32.f3 Ne2+
33.Kf2 Qd4+ 34.Kxe2 Bd3+ 0-1

[Event "?"]
[Site "Berliner Sommer"]
[Date "1995.??.??"]
[Round "?"]
[White "Pfalzgraf, Hans-P."]
[Black "Hennings, Thorsten"]
[Result "1-0"]
[WhiteElo "1542"]
[BlackElo "1835"]

1.f4 c5 2.e4 Nc6 3.Nf3 d6 4.c3 Nf6 5.Bd3 Qc7 6.O-O e6 7.Na3 a6 8.Qe1 Be7
9.b3 b5 10.Bb2 Bb7 11.Rd1 Na5 12.Bb1 c4 13.b4 Nc6 14.d3 d5 15.e5 Nd7
16.d4 Qb6 17.Nc2 a5 18.a3 axb4 19.axb4 Qd8 20.Ne3 Nb6 21.f5 Bc8 22.Qg3 g6
23.f6 Bf8 24.Qh3 Na4 25.Ba1 Bxb4 26.cxb4 Nxb4 27.Ng5 Qc7 28.Qh6 c3 29.Qg7 1-0

[Event "?"]
[Site "Berliner Sommer"]
[Date "1995.??.??"]
[Round "?"]
[White "Valamanesh, Habib"]
[Black "Henck, Ewald"]
[Result "0-1"]
[WhiteElo "1469"]
[BlackElo "1680"]

1.Nf3 Nf6 2.d4 d5 3.Bg5 e6 4.Nbd2 c5 5.c4 cxd4 6.Nxd4 Be7 7.cxd5 Qxd5
8.Bxf6 Bxf6 9.Qc2 Bd7 10.N4f3 Nc6 11.e4 Qa5 12.a3 O-O 13.Be2 Rac8
14.Qb3 Rfd8 15.O-O Nd4 16.Nxd4 Bxd4 17.Nc4 Qg5 18.Rfd1 e5 19.Nd6 Be6
20.Nc4 Qf4 21.Rf1 Qxe4 22.Bd3 Bxf2+ 23.Rxf2 Rxd3 24.Qa4 Qxc4 25.Qxa7 Bd5
26.Kh1 Qc1+ 27.Rf1 Qxb2 0-1

[Event "?"]
[Site "Berliner Sommer"]
[Date "1995.??.??"]
[Round "?"]
[White "Bergmann, Holger"]
[Black "Kersten, Martin"]
[Result "1-0"]
[WhiteElo "2025"]
[BlackElo "1725"]

1.e4 e5 2.Nf3 Nc6 3.c3 d5 4.Bb5 dxe4 5.Nxe5 Qd5 6.Qa4 Nge7 7.f4 exf3
8.Nxf3 Ng6 9.O-O Bd6 10.c4 Bc5+ 11.d4 Bxd4+ 12.Kh1 Qf5 13.Re1+ Be6
14.Nxd4 Qf2 15.Bxc6+ bxc6 16.Qxc6+ Kd8 17.Nxe6+ 1-0